| 000 | 01075cam a2200349Li 4500 | ||
|---|---|---|---|
| 001 | 93406 | ||
| 005 | 20230410132922.0 | ||
| 008 | 090624m19779999sp f b 001 sdspa d | ||
| 035 | _a(OCoLC)ocn494587441 | ||
| 040 |
_aZWZ _encafnor _bfre _cZWZ |
||
| 020 | _a8424935284 | ||
| 020 | _a9788424935283 | ||
| 029 | 0 |
_aZWZ _b134465490 |
|
| 035 | _a(OCoLC)494587441 | ||
| 041 | 1 |
_aspa _hgrc |
|
| 050 | 1 | 4 |
_aB 171 _bB582 1977 |
| 049 | _aGRAL | ||
| 100 | 0 | _aIsócrates | |
| 130 | 1 | _aBiblioteca Clásica Gredos. | |
| 245 | 1 | 0 |
_aDiscursos I / _cIsócrates ; introducción, traducción y notas de Juan Manuel Guzmán Hermida. |
| 260 |
_aMadrid : _bGredos, _c1977 |
||
| 300 |
_a362 p. ; _c20 cm. |
||
| 440 | 0 |
_aBiblioteca clásica Gredos ; _vn.23 |
|
| 504 | _aBibliogr. p. [45]-46 (vol. 1). Notes bibliogr. Index. | ||
| 650 | 0 | _aPhilosophy, Classical. | |
| 650 | 0 | _aPhilosophy, Ancient. | |
| 650 | 0 |
_aPhilosophers, Ancient _xBiography |
|
| 700 | 1 |
_aGuzmán Hermida, Juan Manuel. _ePréf. _eTrad. _eComment. |
|
| 942 |
_2lcc _cbk |
||
| 946 | _amjcruz | ||
| 994 |
_aC0 _bDRFGD |
||
| 999 |
_c90166 _d90166 |
||